000 00562nam a2200205Ia 4500
008 131103s9999 xx 000 0 und d
020 _a600342808
040 _aLoreto College
041 _aEnglish
082 _a704.947/DAV
_bLCLIB/39327
100 _aDavidson, H. R. Ellis
245 _aScandinavian mythology
_cH. R. Ellis Davidson
260 _aLondon
_bHamlyn
_c1988
300 _a143p.
_b colour plates
_c 28 cm.
504 _aIncludes index
650 _aMythology
651 _aScandinavian Mythology
850 _aLCLIB/704.947/DAV
942 _cBK
999 _c23730
_d74209